| 000 -LEADER |
| fixed length control field |
01000nam a2200241Ia 4500 |
| 001 - CONTROL NUMBER |
| control field |
17373 |
| 003 - CONTROL NUMBER IDENTIFIER |
| control field |
GE_BSU |
| 008 - FIXED-LENGTH DATA ELEMENTS--GENERAL INFORMATION |
| fixed length control field |
181216s||||||||xx |||||||||||||| ||und|| |
| 040 ## - CATALOGING SOURCE |
| Transcribing agency |
GE_BSU |
| 080 ## - UNIVERSAL DECIMAL CLASSIFICATION NUMBER |
| Universal Decimal Classification number |
821.353.1-32 + 821.353.1.09 |
| 100 ## - MAIN ENTRY--PERSONAL NAME |
| Personal name |
ლომიძე,ანდრო |
| 245 ## - TITLE STATEMENT |
| Title |
ადამიანს სიცოცხლე სწყურია |
| 245 ## - TITLE STATEMENT |
| Remainder of title |
მოთხრობები,წერილები,ქართული ლიტერატურის ისტორია კრიტიკა |
| 245 ## - TITLE STATEMENT |
| Statement of responsibility, etc. |
რედ.:ნ.ხომერიკი;მხატვ.:დ.ბერძენიშვილი |
| 260 ## - PUBLICATION, DISTRIBUTION, ETC. |
| Place of publication, distribution, etc. |
თბილისი |
| 260 ## - PUBLICATION, DISTRIBUTION, ETC. |
| Name of publisher, distributor, etc. |
მერანი |
| 260 ## - PUBLICATION, DISTRIBUTION, ETC. |
| Date of publication, distribution, etc. |
1982 |
| 300 ## - PHYSICAL DESCRIPTION |
| Extent |
379გვ. ; 20სმ. |
| 653 ## - INDEX TERM--UNCONTROLLED |
| Uncontrolled term |
მოთხრობები |
| 653 ## - INDEX TERM--UNCONTROLLED |
| Uncontrolled term |
ქართული ლიტერატურის ისტორია და კრიტიკა |
| 653 ## - INDEX TERM--UNCONTROLLED |
| Uncontrolled term |
წერილები |
| 942 ## - ADDED ENTRY ELEMENTS (KOHA) |
| Koha item type |
წიგნი |